[Event "Mittelfranken-chT2b 1617"]
[Site "Mittelfranken"]
[Date "2017.03.26"]
[Round "8.7"]
[White "Arlt, Birgit"]
[Black "Belich, Walter"]
[Result "0-1"]
[WhiteElo "1611"]
[BlackElo "1877"]
[PlyCount "110"]
[EventDate "2016.10.23"]
[EventType "team-tourn"]
[EventRounds "9"]
[EventCountry "GER"]
[SourceTitle "EXT 2022"]
[Source "ChessBase"]
[SourceDate "2021.10.06"]
[SourceVersion "1"]
[SourceVersionDate "2021.10.06"]
[SourceQuality "1"]
[WhiteTeam "Schwanstetten"]
[BlackTeam "Nuernberg Sued SW III"]
[WhiteTeamCountry "GER"]
[BlackTeamCountry "GER"]

1. e4 c5 2. Nf3 Nc6 3. d4 cxd4 4. Nxd4 Nf6 5. Nc3 e5 6. Nb3 Bb4 7. Bg5 h6 8. Bxf6 Bxc3+ 9. bxc3 Qxf6 10. Bc4 Qg6 11. Qf3 d6 12. h3 Be6 13. Bxe6 Qxe6 14. 0-0 0-0 15. Rfd1 f5 16. exf5 Rxf5 17. Qd5 Rf6 18. Qxe6+ Rxe6 19. Rd2 Kf7 20. Rad1 Ke7 21. a3 Rc8 22. a4 b6 23. Rd3 Nb8 24. Nd2 Rc6 25. Ra1 Na6 26. a5 b5 27. Rb1 Nc7 28. Re1 Ra6 29. Nb3 Rc6 30. Re4 Rc4 31. Nd2 d5 32. Re1 Ra4 33. Nb3 Kd6 34. f3 Rc4 35. Kf2 b4 36. cxb4 Rxc2+ 37. Re2 Rc4 38. Nc5 Re8 39. Rb2 Rb8 40. Rdb3 Nb5 41. Na6 Rf8 42. Ke3 g5 43. Nc5 Nd4 44. Kd3 Nxb3 45. Rxb3 Rff4 46. Na6 Rfd4+ 47. Ke3 Rc2 48. b5 Rdd2 49. b6 axb6 50. axb6 Rb2 51. Ra3 d4+ 52. Ke4 Rxb6 53. Ra4 Rc2 54. Kd3 Rc3+ 55. Ke4 Ke6 0-1

[Event "Mittelfranken-chTB2b 1516"]
[Site "Mittelfranken"]
[Date "2015.11.08"]
[Round "2.7"]
[White "Strnad, Alfred"]
[Black "Belich, Walter"]
[Result "0-1"]
[WhiteElo "1822"]
[BlackElo "1887"]
[PlyCount "56"]
[EventDate "2015.10.18"]
[EventType "team-tourn"]
[EventRounds "9"]
[EventCountry "GER"]
[SourceTitle "EXT 2020"]
[Source "ChessBase"]
[SourceDate "2019.10.17"]
[SourceVersion "1"]
[SourceVersionDate "2019.10.17"]
[SourceQuality "1"]
[WhiteTeam "Heideck/Hilpoltstein"]
[BlackTeam "Nuernberg Sued SW V"]
[WhiteTeamCountry "GER"]
[BlackTeamCountry "GER"]

1. e4 c5 2. Nc3 a6 3. a4 Nc6 4. g3 g6 5. Bg2 Bg7 6. d3 e6 7. Nge2 Nge7 8. 0-0 0-0 9. Be3 b6 10. f4 d5 11. d4 cxd4 12. Nxd4 Nxd4 13. Bxd4 Bxd4+ 14. Qxd4 Nc6 15. Qf2 dxe4 16. Nxe4 Qc7 17. Rfd1 f5 18. Nd6 Rd8 19. Nc4 Rb8 20. Bxc6 Rxd1+ 21. Rxd1 Qxc6 22. Rd8+ Kg7 23. Qd4+ Kh6 24. Qd6 Qxc4 25. Qxb8 Qc5+ 26. Kg2 Qc6+ 27. Kh3 Bb7 28. Rd2 Qf3 0-1

[Event "Mittelfranken-chTB2a 1415"]
[Site "Mittelfranken"]
[Date "2015.01.25"]
[Round "5.3"]
[White "Pikal, Alexander"]
[Black "Belich, Walter"]
[Result "1-0"]
[WhiteElo "1921"]
[BlackElo "1887"]
[PlyCount "69"]
[EventDate "2014.09.28"]
[EventType "team-tourn"]
[EventRounds "9"]
[EventCountry "GER"]
[SourceTitle "EXT 2020"]
[Source "ChessBase"]
[SourceDate "2019.10.17"]
[SourceVersion "1"]
[SourceVersionDate "2019.10.17"]
[SourceQuality "1"]
[WhiteTeam "Bad Windsheim/Ansbach"]
[BlackTeam "Nuernberg Sued SW IV"]
[WhiteTeamCountry "GER"]
[BlackTeamCountry "GER"]

1. f4 d5 2. Nf3 c5 3. e3 Nc6 4. Bb5 a6 5. Bxc6+ bxc6 6. Ne5 Qc7 7. b3 Nf6 8. Bb2 a5 9. 0-0 Ba6 10. d3 Rd8 11. Qf3 g6 12. Nd2 Bg7 13. Ng4 Qd6 14. Be5 Qd7 15. Nf2 0-0 16. g4 Ne8 17. Bxg7 Nxg7 18. Rfe1 f6 19. Qg3 Rde8 20. Nf3 Qd6 21. e4 c4 22. dxc4 dxc4 23. e5 Qc5 24. Kh1 f5 25. h3 Ne6 26. gxf5 Rxf5 27. Ne4 Qb6 28. Nh4 Rf7 29. f5 Ng7 30. fxg6 hxg6 31. Qxg6 Qd4 32. Ng5 Qd5+ 33. Re4 Rf4 34. Qh7+ Kf8 35. Ng6# 1-0

[Event "Regionalliga NO 1112"]
[Site "Bayern"]
[Date "2011.10.23"]
[Round "2.5"]
[White "Martin Fernandez, Rodrigo"]
[Black "Belich, Walter"]
[Result "1-0"]
[WhiteElo "2118"]
[BlackElo "1920"]
[PlyCount "159"]
[EventDate "2011.10.02"]
[EventType "team-tourn"]
[EventRounds "9"]
[EventCountry "GER"]
[SourceTitle "EXT 2013"]
[Source "ChessBase"]
[SourceDate "2012.11.22"]
[SourceVersion "1"]
[SourceVersionDate "2012.11.22"]
[SourceQuality "1"]
[WhiteTeam "Erlangen"]
[BlackTeam "Fuerth"]
[WhiteTeamCountry "GER"]
[BlackTeamCountry "GER"]

1. d4 Nf6 2. c4 g6 3. Nf3 Bg7 4. Nc3 d5 5. g3 0-0 6. Bg2 e6 7. 0-0 b6 8. cxd5 exd5 9. Bf4 c6 10. Ne5 Bb7 11. Rc1 Nbd7 12. Qa4 Nxe5 13. Bxe5 Bh6 14. Rcd1 Ng4 15. Rd3 Re8 16. Bf4 Bxf4 17. gxf4 Qd6 18. Rf3 c5 19. e3 Bc6 20. Qd1 c4 21. Rg3 f5 22. Bh3 Bd7 23. Bg2 Nf6 24. Kh1 b5 25. a3 a5 26. Qf3 Bc6 27. Rg1 Kh8 28. Qd1 b4 29. Nb1 Ng4 30. Qe1 Rab8 31. Bf3 Bd7 32. h3 Nf6 33. Qd2 Rec8 34. Rc1 Rc7 35. Rgg1 Rcb7 36. Kg2 Qe6 37. Rh1 Ne8 38. h4 Nf6 39. Qe2 Rg8 40. Nd2 Rb6 41. Qd1 Qd6 42. Ra1 Ne4 43. Nxe4 fxe4 44. Bg4 Bf5 45. Be2 b3 46. Qd2 a4 47. Rac1 Qd7 48. Kg3 h5 49. Qd1 Kh7 50. Kg2 Kh6 51. Kf1 Rc8 52. Rc3 Qe7 53. Ke1 Qf6 54. Kd2 Qe7 55. Qg1 Qf6 56. Qg3 Re8 57. Rg1 Re7 58. Qh2 Rh7 59. Rg5 Kg7 60. Qg2 Kf7 61. f3 Re6 62. fxe4 Bxe4 63. Bf3 Qd8 64. Bxe4 Rxe4 65. Rxc4 Rxe3 66. Rxd5 Qe8 67. Rd6 Kf8 68. Rf6+ Kg7 69. Qxg6+ Qxg6 70. Rxg6+ Kxg6 71. Kxe3 Rd7 72. Kf3 Kf5 73. Rc5+ Kg6 74. Rg5+ Kf6 75. Rxh5 Rc7 76. Rc5 Rh7 77. h5 Ke6 78. f5+ Kd6 79. f6 Rxh5 80. Rxh5 1-0

[Event "Regionalliga NO 0405"]
[Site "Bayern"]
[Date "2004.12.12"]
[Round "4.7"]
[White "Gahr, Michael"]
[Black "Belich, Walter"]
[Result "1/2-1/2"]
[WhiteElo "1814"]
[BlackElo "1988"]
[PlyCount "83"]
[EventDate "2004.10.24"]
[EventType "team-tourn"]
[EventRounds "9"]
[EventCountry "GER"]
[SourceTitle "EXT 2007"]
[Source "ChessBase"]
[SourceDate "2006.11.23"]
[SourceVersion "1"]
[SourceVersionDate "2006.11.23"]
[SourceQuality "1"]
[WhiteTeam "Karethein"]
[BlackTeam "Zirndorf II"]
[WhiteTeamCountry "GER"]
[BlackTeamCountry "GER"]

1. e4 c5 2. Nc3 Nc6 3. g3 g6 4. Bg2 Bg7 5. d3 d6 6. Be3 Nf6 7. h3 a6 8. Qd2 h5 9. Nf3 Bd7 10. 0-0 Qa5 11. Rab1 Rc8 12. Nh4 b5 13. f4 0-0 14. f5 Kh7 15. Qe2 b4 16. fxg6+ fxg6 17. Nd5 e6 18. Nf4 Ne5 19. Nf3 Nf7 20. Nxg6 Kxg6 21. Nh4+ Kh7 22. Rxf6 Bxf6 23. e5 Nxe5 24. Qxh5+ Kg8 25. Be4 Rf7 26. Rf1 Qd8 27. Ng6 Rh7 28. Qe2 Nxg6 29. Bxg6 Rg7 30. Qh5 Qe7 31. Bh6 Rf8 32. Kh2 Be8 33. Bxg7 Qxg7 34. Bxe8 Bxb2 35. Rxf8+ Kxf8 36. Bc6 Qf7 37. Qxf7+ Kxf7 38. Kg2 d5 39. Kf3 Kf6 40. Bb7 a5 41. Bc6 Kf5 42. h4 1/2-1/2

[Event "Regionalliga NO 0405"]
[Site "Bayern"]
[Date "2004.11.28"]
[Round "3.8"]
[White "Belich, Walter"]
[Black "Moroz, Grigorij"]
[Result "1/2-1/2"]
[WhiteElo "1988"]
[BlackElo "1985"]
[PlyCount "116"]
[EventDate "2004.10.24"]
[EventType "team-tourn"]
[EventRounds "9"]
[EventCountry "GER"]
[SourceTitle "EXT 2007"]
[Source "ChessBase"]
[SourceDate "2006.11.23"]
[SourceVersion "1"]
[SourceVersionDate "2006.11.23"]
[SourceQuality "1"]
[WhiteTeam "Zirndorf II"]
[BlackTeam "Weiden"]
[WhiteTeamCountry "GER"]
[BlackTeamCountry "GER"]

1. c4 e5 2. Nc3 Nf6 3. g3 d5 4. cxd5 Nxd5 5. Bg2 Nb6 6. Nf3 Nc6 7. 0-0 Be7 8. b3 0-0 9. Bb2 Bg4 10. Rc1 f5 11. d3 Bf6 12. Ba3 Re8 13. Nd2 Qd7 14. Nc4 Nd8 15. Ne3 Bh5 16. Ncd5 Nxd5 17. Nxd5 c6 18. Nxf6+ gxf6 19. Qd2 Nf7 20. Qc2 Nd6 21. Bxd6 Qxd6 22. Rfe1 Rad8 23. Qc4+ Kh8 24. Qa4 a6 25. Qh4 Bg6 26. Rc4 Re7 27. Rec1 Rc7 28. Bf3 Qe7 29. Qh6 Qg7 30. Qe3 Rd6 31. Ra4 Rcd7 32. h3 Bf7 33. Kh2 Qg5 34. Rb4 Rd4 35. Rxd4 Rxd4 36. h4 Qxe3 37. fxe3 Rd6 38. Kg2 Kg7 39. Kf2 Bd5 40. Rc3 e4 41. Bg2 h5 42. a3 a5 43. b4 axb4 44. axb4 Kg6 45. Ra3 Rd7 46. Bh3 Re7 47. Ra8 Bb3 48. Rd8 Re5 49. Bg2 Bc2 50. Rd4 Re7 51. Rd8 Bb3 52. Rd6 Re5 53. Rd7 b5 54. Ke1 exd3 55. Rxd3 Bd5 56. Bxd5 cxd5 57. Kd2 Re4 58. Kc3 Rc4+ 1/2-1/2

[Event "Regionalliga NO 0304"]
[Site "Bayern"]
[Date "2003.12.14"]
[Round "4.7"]
[White "Renner, Christian"]
[Black "Belich, Walter"]
[Result "1/2-1/2"]
[WhiteElo "1874"]
[BlackElo "1975"]
[PlyCount "32"]
[EventDate "2003.10.??"]
[EventType "team-tourn"]
[EventRounds "9"]
[EventCountry "GER"]
[SourceTitle "EXT 2006"]
[Source "ChessBase"]
[SourceDate "2005.11.24"]
[SourceVersion "1"]
[SourceVersionDate "2005.11.24"]
[SourceQuality "1"]
[WhiteTeam "Nuernberg NT II"]
[BlackTeam "Zirndorf II"]
[WhiteTeamCountry "GER"]
[BlackTeamCountry "GER"]

1. d4 Nf6 2. c4 g6 3. Nc3 d5 4. cxd5 Nxd5 5. e4 Nxc3 6. bxc3 Bg7 7. Bc4 0-0 8. Ne2 c5 9. 0-0 cxd4 10. cxd4 Nc6 11. Be3 Qa5 12. Rb1 Qc7 13. Qc1 Bd7 14. Qa3 Nxd4 15. Bxf7+ Rxf7 16. Nxd4 b6 1/2-1/2

[Event "Regionalliga NO 0304"]
[Site "Bayern"]
[Date "2003.11.23"]
[Round "3.7"]
[White "Paskuy, Werner"]
[Black "Belich, Walter"]
[Result "0-1"]
[WhiteElo "1906"]
[BlackElo "1975"]
[PlyCount "78"]
[EventDate "2003.10.??"]
[EventType "team-tourn"]
[EventRounds "9"]
[EventCountry "GER"]
[SourceTitle "EXT 2006"]
[Source "ChessBase"]
[SourceDate "2005.11.24"]
[SourceVersion "1"]
[SourceVersionDate "2005.11.24"]
[SourceQuality "1"]
[WhiteTeam "Regensburg Bavaria"]
[BlackTeam "Zirndorf II"]
[WhiteTeamCountry "GER"]
[BlackTeamCountry "GER"]

1. e4 c5 2. c3 g6 3. d4 cxd4 4. cxd4 d6 5. Nc3 Bg7 6. h3 Nf6 7. Nf3 0-0 8. Be3 a6 9. a4 b6 10. Bd3 Bb7 11. 0-0 Nbd7 12. Qe2 e5 13. dxe5 dxe5 14. Nd2 Qe7 15. Nc4 Qb4 16. Bd2 Qe7 17. Qe3 Qe6 18. b4 Rac8 19. Qe2 Nh5 20. g3 Rc7 21. Nd5 Bxd5 22. exd5 Qxd5 23. Ne3 Qe6 24. Bxa6 e4 25. Rab1 Qxh3 26. Nd5 Rc2 27. Rfc1 Ne5 28. Rxc2 Nf3+ 29. Qxf3 exf3 30. Bf1 Qe6 31. Ne3 Be5 32. Kh2 Nf6 33. Bh3 Qe7 34. Rbc1 h5 35. Rc6 Rd8 36. Be1 h4 37. Nc4 hxg3+ 38. fxg3 Bd4 39. Bf1 Kg7 0-1

[Event "Regionalliga NO 0102"]
[Site "Bayern"]
[Date "2001.11.25"]
[Round "3.5"]
[White "Belich, Walter"]
[Black "Fischer, Erich"]
[Result "1/2-1/2"]
[WhiteElo "1925"]
[BlackElo "2140"]
[PlyCount "110"]
[EventDate "2001.10.07"]
[EventType "team-tourn"]
[EventRounds "9"]
[EventCountry "GER"]
[SourceTitle "EXT 2003"]
[Source "ChessBase"]
[SourceDate "2002.11.25"]
[SourceVersion "1"]
[SourceVersionDate "2002.11.25"]
[SourceQuality "1"]
[WhiteTeam "Nuernberg II"]
[BlackTeam "Postbauer Heng"]
[WhiteTeamCountry "GER"]
[BlackTeamCountry "GER"]

1. d4 Nf6 2. c4 g6 3. Nc3 Bg7 4. e4 d6 5. h3 0-0 6. Nf3 c6 7. Be2 Qc7 8. 0-0 Nbd7 9. Be3 b6 10. Rc1 a5 11. Qd2 Re8 12. Bh6 Bh8 13. a3 Bb7 14. Qc2 Rec8 15. Be3 Bg7 16. Nd2 e5 17. f4 exd4 18. Bxd4 Re8 19. Bf2 Nf8 20. Bg3 Ne6 21. Nf3 Nh5 22. Bh2 Nhxf4 23. Rfd1 Rad8 24. Bf1 Be5 25. b4 f6 26. Kh1 g5 27. Qf2 Kg7 28. g3 Ng6 29. Bg2 axb4 30. axb4 Ra8 31. Rf1 Rf8 32. Bg1 Ra3 33. Nxe5 Nxe5 34. Nd1 Nd3 35. Qe3 Rfa8 36. Rb1 c5 37. b5 Qe7 38. Qd2 Ne5 39. Ne3 Kg6 40. Nf5 Qd7 41. Qxd6 Rd3 42. Ne7+ Kf7 43. Qxd7 Nxd7 44. Nd5 Bxd5 45. exd5 Nd4 46. Rbe1 Nc2 47. Re2 Nd4 48. Bxd4 Rxd4 49. d6 Re8 50. Rxe8 Kxe8 51. Bd5 Ne5 52. Rxf6 Kd7 53. Rh6 Rxd5 54. cxd5 c4 55. Re6 Nd3 1/2-1/2

[Event "Regionalliga NO 0102"]
[Site "Bayern"]
[Date "2001.10.07"]
[Round "1.6"]
[White "Straschewski, Joerg"]
[Black "Belich, Walter"]
[Result "1-0"]
[WhiteElo "1970"]
[BlackElo "1925"]
[PlyCount "69"]
[EventDate "2001.10.07"]
[EventType "team-tourn"]
[EventRounds "9"]
[EventCountry "GER"]
[SourceTitle "EXT 2003"]
[Source "ChessBase"]
[SourceDate "2002.11.25"]
[SourceVersion "1"]
[SourceVersionDate "2002.11.25"]
[SourceQuality "1"]
[WhiteTeam "Cham"]
[BlackTeam "Nuernberg II"]
[WhiteTeamCountry "GER"]
[BlackTeamCountry "GER"]

1. d4 Nf6 2. c4 g6 3. Nc3 d5 4. cxd5 Nxd5 5. e4 Nxc3 6. bxc3 Bg7 7. Bc4 c5 8. Ne2 Nc6 9. Be3 0-0 10. 0-0 Qa5 11. Qb3 Qc7 12. Qa3 Na5 13. Bd3 Rd8 14. Rad1 c4 15. Bb1 b6 16. Bg5 Rd7 17. f4 Bb7 18. f5 Re8 19. Qc1 b5 20. e5 Qb6 21. Qf4 Qc6 22. Rf2 Qd5 23. Rdf1 e6 24. fxg6 fxg6 25. Bh6 Bxh6 26. Qxh6 Rg7 27. Qf4 Qd8 28. Ng3 Bd5 29. Ne4 Bxe4 30. Bxe4 Qe7 31. h3 Kh8 32. Qg4 Nb7 33. Bc6 Rd8 34. Bxb7 Qxb7 35. Qxe6 1-0